Normal view
MARC view
- Dessinger, Joan Conway, Moseley, James L
Entry Personal Name
001 - CONTROL NUMBER
- control field: 62765
003 - CONTROL NUMBER IDENTIFIER
- control field: NUST
005 - DATE AND TIME OF LATEST TRANSACTION
- control field: 20210628203006.0
008 - FIXED-LENGTH DATA ELEMENTS
- fixed length control field: 210628|| aca||aabn | a|a d
040 ## - CATALOGING SOURCE
- Original cataloging agency: NUST
- Transcribing agency: NUST
100 ## - HEADING--PERSONAL NAME
- Personal name: Dessinger, Joan Conway, Moseley, James L
670 ## - SOURCE DATA FOUND
- Source citation: Work cat.: (NUST): Dessinger, Joan Conway, Moseley, James L, Confirmative evaluation, practical strategies for valuing continuous improvement, 2004
